Database programming languages : (رقم التسجيلة. 3711)
[ عرض عادي ]
| 000 -الفاتح | |
|---|---|
| حقل البيانات ثابتة الطول | 01354cam a22003134a 4500 |
| 001 - رقم الضبط | |
| رقم الضبط | 13447129 |
| 003 - محدد رقم الضبط | |
| رقم الضبط | OSt |
| 005 - وقت وتاريخ اخر تعامل مع التسجيلة | |
| رقم الضبط | 20150408113749.0 |
| 008 - عناصر البيانات ثابتة الطول - معلومات عامة | |
| حقل البيانات ثابتة الطول | 031231s2004 gw a b 101 0 eng |
| 010 ## - رقم ضبط مكتبة الكونجرس | |
| رقم ضبط مكتبة الكونجرس | 2004040804 |
| 020 ## - الرقم الدولى المعيارى للكتب | |
| الرقم الدولى المعيارى للكتاب | 3540208968 (alk. paper) |
| 040 ## - مصدر الفهرسة | |
| وكالة الفهرسة الأصلية | DLC |
| وكالة النسخ | DLC |
| وكالة التعديل | DLC |
| 042 ## - رمز التحقق | |
| رمز التحقق | pcc |
| 050 00 - رقم طلب مكتبة الكونجرس | |
| رقم التصنيف | QA76.9.D3 |
| رقم المادة | I585 2003 |
| 082 00 - رقم تصنيف ديوى العشرى | |
| رقم التصنيف | 005.74 |
| رقم الطبعة | 22 |
| 111 2# - المدخل الرئيسى - اسم مؤتمر | |
| اسم المؤتمر أو اسم السلطة كمدخل | International Workshop on Database Programming Languages |
| رقم جزء/قسم/الاجتماع | (9th : |
| تاريخ الاجتماع | 2003 : |
| موقع المؤتمر | Potsdam, Germany) |
| 9 (RLIN) | 8457 |
| 245 10 - بيان العنوان | |
| العنوان | Database programming languages : |
| بقية العنوان | 9th international workshop, DBPL 2003, Potsdam, Germany, September 6-8, 2003 : revised papers / |
| بيان المسئوليه,etc | Georg Lausen, Dan Suciu (eds.). |
| 260 ## - PUBLICATION, DISTRIBUTION, ETC. (IMPRINT) | |
| مكان الناشر او الموزع | Berlin ; |
| -- | New York : |
| اسم الناشر او الموزع | Springer-Verlag, |
| تاريخ النشر أو التوزيع | 2004. |
| 300 ## - الوصف المادى | |
| التعداد | x, 277 p. : |
| تفاصيل ماديه اخرى للوعاء | ill. ; |
| أبعاد الوعاء | 23 cm. |
| 440 #0 - بيان السلسلة/مدخل إضافى-العنوان | |
| العنوان | Lecture notes in computer science ; |
| رقم المجلد/ التعيين التسلسلي | 2921 |
| 9 (RLIN) | 8458 |
| 504 ## - تبصرة ببليوجرافية | |
| تبصرة ببليوجرافية,الخ | Includes bibliographical references and index. |
| 650 #0 - المدخل الاضافى بالموضوع-مصطلح موضوعى | |
| مصطلح موضوعي أو اسم جغرافي كعنصر مدخل | Database management |
| التقسيم الفرعي الشكلي | Congresses. |
| 9 (RLIN) | 3469 |
| 650 #0 - المدخل الاضافى بالموضوع-مصطلح موضوعى | |
| مصطلح موضوعي أو اسم جغرافي كعنصر مدخل | Programming languages (Electronic computers) |
| التقسيم الفرعي الشكلي | Congresses. |
| 700 1# - المدخل الاضافى - اسم شخصى | |
| الإسم الشخصى | Lausen, Georg. |
| 9 (RLIN) | 8459 |
| 700 1# - المدخل الاضافى - اسم شخصى | |
| الإسم الشخصى | Suciu, Dan. |
| 9 (RLIN) | 8460 |
| 856 42 - الوصول و الموقع الالكترونى | |
| مواد محددة | Publisher description |
| معرف المصدر الموحد | <a href="http://www.loc.gov/catdir/enhancements/fy0813/2004040804-d.html">http://www.loc.gov/catdir/enhancements/fy0813/2004040804-d.html</a> |
| 942 ## - عناصر المدخل الإضافي( كوها) | |
| مصدر التصنيف او مخطط الترفيف | Dewey Decimal Classification |
| Koha [default] item type | كتاب |
| حالة الفقد | نموذج السعر الفعال | حالة تلف | ليس للاعارة | رقم الطلب | تاريخ الاكتساب | الموقع الحالي | الباركود | الفرع الرئيسي | Date last seen | نوع المادة فى نظام كوها | مصدر التصنيف او خطة الترفيف | Total Checkouts |
|---|---|---|---|---|---|---|---|---|---|---|---|---|
| 2013-03-10 | 005.74 D A P | 2011-12-14 | مكتبة مجمع الكليات بالزلفى - طلاب (SZM) | 00012334 | مكتبة مجمع الكليات بالزلفى - طلاب (SZM) | 2013-03-10 | كتاب | Dewey Decimal Classification | ||||
| 2013-03-10 | 005.74 D A P | 2011-12-14 | مكتبة مجمع الكليات بالزلفى - طلاب (SZM) | 00012336 | مكتبة مجمع الكليات بالزلفى - طلاب (SZM) | 2013-03-10 | كتاب | Dewey Decimal Classification | ||||
| 2013-03-10 | 005.74 D A P | 2011-12-14 | مكتبة مجمع الكليات بالزلفى - طلاب (SZM) | 00012335 | مكتبة مجمع الكليات بالزلفى - طلاب (SZM) | 2013-03-10 | كتاب | Dewey Decimal Classification |
